00688nam a2200193 i 450000100060000000300090000600500170001500700030003200800410003510000300007624500770010625000240018326000480020730000300025560000510028585200210033699900170035795201200037458497ES-MaACL20251013180123.0t|031022s1914 fr ||||1| fre d1 aDuret, Theodorè.94629310aHistoire de J. Mc N. Whistler et de son oeuvre / cpar Théodore Duret. aNouvelle édition. aParis : bH. Floury, c1914 (fPaul Dupont) a155 p. : bil. ; c24 cm.17aWhistler, James McNeill, d1834-190329167349 aES-MaACLjC-1526 c58497d58497 00104070aATENEOMbATENEOMcSPALd2008-01-17eSCl0oC-1526p1061378r2023-02-23 00:00:00w2023-02-23yMONOGRAFIA